Chăm sóc sức khoẻ trẻ em từ 0 đến 6 tuổi Dùng cho các trường ĐH và CĐ Sư phạm nhà trẻ mẫu giáo
Trình bày một số vấn đề cơ bản, cần thiết trong lĩnh vực chăm sóc sức khoẻ cho trẻ em mầm non như: chăm sóc dinh dưỡng, chăm sóc vệ sinh, chăm sóc sức khoẻ và đảm bảo an toàn cho trẻ
Đã lưu trong:
| Tác giả khác: | , , |
|---|---|
| Định dạng: | Sách |
| Ngôn ngữ: | Vietnamese |
| Được phát hành: |
H.
Giáo dục
1995
|
| Loạt: | Bộ GD&ĐT - Hội đồng ĐT ngành SP Nhà trẻ mẫu giáo - Trường CĐ SP Nhà trẻ-Mẫu giáo TW1
|
| Những chủ đề: | |
| Các nhãn: |
Thêm thẻ
Không có thẻ, Là người đầu tiên thẻ bản ghi này!
|
| Thư viện lưu trữ: | Mạng thư viện Đại học Đà Nẵng |
|---|
| LEADER | 01708aam a22003978a 4500 | ||
|---|---|---|---|
| 001 | 000015190 | ||
| 003 | 11566 | ||
| 005 | 20120523090553.0 | ||
| 008 | 120523s1995 viesd | ||
| 020 | |c 0đ |d 3000b | ||
| 041 | 0 | |a vie | |
| 082 | 1 | 4 | |2 14 |a 618.92 |b Chă |
| 245 | 1 | 0 | |a Chăm sóc sức khoẻ trẻ em từ 0 đến 6 tuổi |b Dùng cho các trường ĐH và CĐ Sư phạm nhà trẻ mẫu giáo |c Nguyễn Thị Phong, Nguyễn Kim Thanh, Lại Kim Thúy |
| 260 | |a H. |b Giáo dục |c 1995 | ||
| 300 | |a 232tr. |b minh hoạ |c 19cm | ||
| 490 | |a Bộ GD&ĐT - Hội đồng ĐT ngành SP Nhà trẻ mẫu giáo - Trường CĐ SP Nhà trẻ-Mẫu giáo TW1 | ||
| 520 | |a Trình bày một số vấn đề cơ bản, cần thiết trong lĩnh vực chăm sóc sức khoẻ cho trẻ em mầm non như: chăm sóc dinh dưỡng, chăm sóc vệ sinh, chăm sóc sức khoẻ và đảm bảo an toàn cho trẻ | ||
| 650 | 7 | |2 Bộ TK TVQG |a Mẫu giáo | |
| 650 | 7 | |2 Bộ TK TVQG |a Chăm sóc sức khoẻ | |
| 653 | |a Sức khỏe | ||
| 653 | |a Trẻ em | ||
| 653 | |a 0 đến 6 tuổi | ||
| 655 | 7 | |2 Bộ TK TVQG |a Sách giáo viên | |
| 700 | 1 | |a Nguyễn Thị Phong | |
| 700 | 0 | |a Nguyễn Kim Thanh | |
| 700 | 0 | |a Lại Kim Thúy | |
| OWN | |a LSP | ||
| AVA | |a UDN50 |b LSP |d 618.92 Chă |e available |t Error 5001 Not defined in file expand_doc_bib_avail. |f 2 |g 0 |h N |i 0 |k 1 | ||
| 999 | |a From the UDN01 | ||
| AVA | |a UDN50 |b LSP |d 618.92 Chă |e available |t Error 5001 Not defined in file expand_doc_bib_avail. |f 2 |g 0 |h N |i 0 |k 1 | ||
| TYP | |a Monograph | ||
| TYP | |a Printed language | ||
| 980 | |a Mạng thư viện Đại học Đà Nẵng | ||